Kliknij państwo z Europy - Statystyki

Ogólne statystyki
  • Ten quiz został rozwiązany 573 razy
  • Średni wynik to 22 z 45
Odpowiedzi na mapie
Odpowiedzi zakodowano w zielono-czerwonej skali na mapie do tego quizu, zgodnie z poniższymi procentami.
 
Statystyki odpowiedzi
Odpowiedź % Poprawnych
Szwecja
55%
Dania
54%
Norwegia
54%
Czechy
53%
Litwa
53%
Rumunia
53%
Austria
52%
Białoruś
52%
Chorwacja
52%
Finlandia
52%
Grecja
52%
Włochy
52%
Hiszpania
51%
Polska
51%
Ukraina
51%
Wielka
Brytania
51%
Belgia
50%
Francja
50%
Liechtenstein
50%
Łotwa
50%
Niemcy
50%
Rosja
50%
Slowacja
50%
Albania
49%
Bułgaria
49%
Estonia
49%
Islandia
49%
Moldawia
49%
Portugalia
49%
San Marino
49%
Slowenia
49%
Szwajcaria
49%
Irlandia
48%
Monako
48%
Watykan
48%
Węgry
48%
Holandia
47%
Malta
47%
Andora
46%
Bośnia i
Hercegowina
46%
Luksemburg
46%
Czarnogóra
45%
Kosowo
45%
Serbia
45%
Macedonia
Północna
43%
Nie znaleziono quizów pasujących do podanych kryteriów
Rozkład punktacji
Procent ludzi z każdym wynikiem
Percentyl według liczby udzielonych odpowiedzi
Twoja historia wyników
Nie rozwiązałeś tego quizu